书目信息 |
| 题名: |
于永正经典课例评析
|
|
| 作者: | 魏本亚 主编 | |
| 分册: | 低中年级阅读教学卷 | |
| 出版信息: | 北京 语文出版社 2016 |
|
| 页数: | 446页 | |
| 开本: | 26cm | |
| 丛书名: | 真语文书系 | |
| 单 册: | ||
| 中图分类: | G623.2 , G623.23 | |
| 科图分类: | ||
| 主题词: | 小学语文课--xiao xue yu wen ke--教案(教育) , 阅读课--Yue Du Ke--教案(教育)--小学 | |
| 电子资源: | ||
| ISBN: | 978-7-5187-0329-6 | |
| 000 | 01602nam 2200325 450 | |
| 001 | 012001003307 | |
| 005 | 20131012161240.0 | |
| 010 | @a978-7-5187-0329-6@dCNY49.00 | |
| 099 | @aCAL 012017139180 | |
| 100 | @a20161024d2016 em y0chiy50 ea | |
| 101 | 0 | @achi |
| 102 | @aCN@b110000 | |
| 105 | @ay z 000yy | |
| 106 | @ar | |
| 200 | 1 | @a于永正经典课例评析@AYu Yong Zheng Jing Dian Ke Li Ping Xi@i低中年级阅读教学卷@f主编魏本亚 ...[等] |
| 210 | @a北京@c语文出版社@d2016 | |
| 215 | @a446页@d26cm | |
| 225 | 2 | @a真语文书系@AZhen Yu Wen Shu Xi |
| 300 | @a国家宣传文化发展专项资金项目 | |
| 304 | @a主编还有:刘文琪、刘春、查晓红 | |
| 330 | @a于永正老师是我国著名小学语文教育家,也是教育部认可的教学名师。他的语文课堂教学在全国产生过非常大的影响,他的足迹遍布全国各地。前年,于老师因为积劳成疾,患了白血病,徐州市鼓楼区组织力量抢救这笔宝贵的财富,经过近两年的努力,共整理出100个经典课例,由一线老师写课堂观察,高校专家撰写评论文字,由此形成立体的课程赏析体系。这种撰写的价值:第一,于老师的课例本身就具有极高的学术价值、研究价值;第二,一线教师的观察代表了他们的真实水平,有助于一线教师阅读;第三,高校专家评点站得高,评的深,有助于提高教师的反思水平。这套书的特点是:三方协同共同参与研究,形成一个立体的研究体系。 | |
| 410 | 0 | @12001 @a真语文书系 |
| 517 | 1 | @a低中年级阅读教学卷@Adi zhong nian ji yue du jiao xue juan |
| 606 | 0 | @a小学语文课@Axiao xue yu wen ke@x教案(教育) |
| 606 | 0 | @a阅读课@AYue Du Ke@x教案(教育)@x小学 |
| 690 | @aG623.2@v5 | |
| 690 | @aG623.23@v5 | |
| 701 | 0 | @a魏本亚@AWei Ben Ya@4主编 |
| 801 | @b江苏凤凰@c20191020 | |
| 905 | @b1232562-6@dG623.2@e852@f5 | |
| 于永正经典课例评析.低中年级阅读教学卷/主编魏本亚 ...[等].-北京:语文出版社,2016 |
| 446页;26cm.-(真语文书系) |
| 国家宣传文化发展专项资金项目 |
| ISBN 978-7-5187-0329-6:CNY49.00 |
| 于永正老师是我国著名小学语文教育家,也是教育部认可的教学名师。他的语文课堂教学在全国产生过非常大的影响,他的足迹遍布全国各地。前年,于老师因为积劳成疾,患了白血病,徐州市鼓楼区组织力量抢救这笔宝贵的财富,经过近两年的努力,共整理出100个经典课例,由一线老师写课堂观察,高校专家撰写评论文字,由此形成立体的课程赏析体系。这种撰写的价值:第一,于老师的课例本身就具有极高的学术价值、研究价值;第二,一线教师的观察代表了他们的真实水平,有助于一线教师阅读;第三,高校专家评点站得高,评的深,有助于提高教师的反思水平。这套书的特点是:三方协同共同参与研究,形成一个立体的研究体系。 |
| ● |
| 相关链接 |
|
|
|
|
正题名:于永正经典课例评析
索取号:G623.2/852
 
预约/预借
| 序号 | 登录号 | 条形码 | 馆藏地/架位号 | 状态 | 备注 |
| 1 | 1232562 | 212325624 | 第一样本阅览室/ [索取号:G623.2/852] | 在馆 | |
| 2 | 1232563 | 212325633 | 教育系资料室/ [索取号:G623.2/852] | 在馆 | |
| 3 | 1232564 | 212325642 | 教育系资料室/ [索取号:G623.2/852] | 在馆 | |
| 4 | 1232565 | 212325651 | 第四借阅区/ [索取号:G623.2/852] | 在馆 | |
| 5 | 1232566 | 212325660 | 第四借阅区/ [索取号:G623.2/852] | 在馆 |